| 000 | 00463nam a22001577a 4500 | ||
|---|---|---|---|
| 003 | OSt | ||
| 005 | 20180123130935.0 | ||
| 008 | 180123s2017 sp 000 0 spa d | ||
| 020 | _a9788416001774 | ||
| 040 |
_aDLC _bcat _cCDMR |
||
| 100 | 1 | _aGarcía Gascón, Eugenio. | |
| 245 | 1 | 3 |
_aLa derrota de oriente _b: dietario de Jerusalén (2013-2017) / _cEugenio García Gascón. |
| 260 |
_a[Madrid] : _bLibros del K.O., _c2017. |
||
| 300 |
_a211 p. ; _c22 cm |
||
| 942 | _cMON | ||
| 999 |
_c7111 _d7111 |
||